| 000 | 00613nam a22002053a 4500 | ||
|---|---|---|---|
| 001 | 000000796 | ||
| 005 | 20240925064316.0 | ||
| 008 | 010424s1982 mx fr 000 0 spa d | ||
| 035 | _aUPN01000105803 | ||
| 049 | _aCG | ||
| 050 | 4 |
_aBF721 _bS8.48 1982 |
|
| 100 | 1 |
_aStone, Lawrence Joseph, _d1912-1975 _932163 |
|
| 245 | 1 | 3 |
_aEl escolar de 6 a 12 años / _cL. J. Stone y Church ; tr. Daniel Wagner. |
| 250 | _a2a ed. | ||
| 260 |
_aBuenos Aires : _bHorme, _c1982. |
||
| 300 |
_a125 p. : _bil. |
||
| 440 |
_aBiblioteca de la educación de educación ; _v5 |
||
| 650 | 4 |
_aNiño, Estudio del _9221 |
|
| 905 | _aLibro | ||
| 999 |
_c79716 _d79716 |
||